000
00287cam a22000977a 4500
008
180718b1957 xxu||||| |||| 00| 0 eng d
082
_a
T2531 In8
245
_a
I.L.O. productivity missions to underdeveloped countries
260
_a
Geneva
_b
International Labour Office
_c
1957
300
_a
57+p
999
_c
497690
_d
497690